00922nam a2200265Ia 450000500170000000800410001702000190005810000330007724500820011025000390019230000510023149000220028265000410030465000420034565000370038770000350042494200150045926400330047433600270050733700330053433800280056704000350059508400110063099900150064120220317001138.0160825s2007 ck a g 000 0 spa  a978958301160121 aAristizábal de Baena, Nora13aLa fiesta del marcNora Aristizábal de Baena ; ilustraciones Olga Cuéllar a1a. edición b2a. reimpresión  a31 páginas bilustraciones en color c23 cm  aSueños de papel142LEMBaCuentos infantiles colombianos142LEMBaLiteratura infantil colombiana 142LEMBaAnimales en la literatura 1 aCuéllar Serrano, Olga916673 2loccBKINF aBogotábPanamericanac2007 atextobtxt2rdacontent asin mediaciónbn2rdamedia avolumenbnc2rdacarrier aCO-BoRNBPbspaerdacCO-BoRNBP aC ARI3 c6062d6062